[Event "13. Sparkassen Open 2014 - Gruppe C"]
[Site "Forchheim"]
[Date "2015.10.02"]
[Round "1.1"]
[White "Gheng, Christian"]
[Black "Albayrak, Atilla"]
[Result "1-0"]
[WhiteElo "1742"]
[BlackElo "1419"]
[PlyCount "26"]
[EventDate "2015.??.??"]
[WhiteTeam "Schach-Kids Bernhausen"]
[BlackTeam "Zabo-Eintracht Nürnberg"]

1. e4 e5 2. Nf3 Nc6 3. Bc4 Bc5 4. c3 Nf6 5. d4 exd4 6. cxd4 Na5 7. Bxf7+ Kxf7
8. dxc5 Re8 9. O-O Rxe4 10. Ng5+ Kg8 11. Nxe4 d6 12. cxd6 cxd6 13. Nxf6+ gxf6
1-0

[Event "13. Sparkassen Open 2014 - Gruppe C"]
[Site "Forchheim"]
[Date "2015.10.02"]
[Round "1.2"]
[White "Kolb, Tobias"]
[Black "Krastev, Ivan"]
[Result "0-1"]
[WhiteElo "1412"]
[BlackElo "1663"]
[PlyCount "48"]
[EventDate "2015.??.??"]
[WhiteTeam "SV Seubelsdorf"]
[BlackTeam "Biebertaler SF"]

1. e4 e5 2. Nf3 Nc6 3. Bb5 f5 4. Nc3 fxe4 5. Nxe4 Nf6 6. d3 d6 7. Bg5 Be7 8.
O-O O-O 9. h3 Be6 10. Re1 Nxe4 11. Bxe7 Nxe7 12. dxe4 Ng6 13. Re2 Qf6 14. Nh2
Nf4 15. Rd2 Qg5 16. f3 Bxh3 17. Bf1 Be6 18. Qe1 Rf6 19. Qd1 Raf8 20. Kh1 Rh6
21. Qe1 Rff6 22. Qf2 Rxh2+ 23. Kxh2 Rh6+ 24. Kg1 Nh3+ 0-1

[Event "13. Sparkassen Open 2014 - Gruppe C"]
[Site "Forchheim"]
[Date "2015.10.02"]
[Round "1.4"]
[White "Pillath, Marcus"]
[Black "Eichenauer, Pascal"]
[Result "0-1"]
[WhiteElo "1631"]
[BlackElo "1564"]
[PlyCount "23"]
[EventDate "2015.??.??"]
[WhiteTeam "SGem Vaihingen-Rohr"]
[BlackTeam "SV Würzburg"]

1. Nf3 Nf6 2. d4 g6 3. Bf4 Bg7 4. g3 c5 5. e3 O-O 6. dxc5 Na6 7. Bxa6 bxa6 8.
Nbd2 Nd5 9. c3 Bb7 10. Qb3 Bc6 11. a3 Qa5 12. O-O 0-1

[Event "13. Sparkassen Open 2014 - Gruppe C"]
[Site "Forchheim"]
[Date "2015.10.02"]
[Round "1.5"]
[White "Splitgerber, Michael"]
[Black "Heller, Thomas"]
[Result "1-0"]
[WhiteElo "1563"]
[BlackElo "1379"]
[PlyCount "64"]
[EventDate "2015.??.??"]
[WhiteTeam "vereinslos"]
[BlackTeam "SC Forchheim"]

1. e4 e5 2. f4 exf4 3. Nf3 d6 4. Bc4 Be6 5. d3 Bxc4 6. dxc4 Qf6 7. Nc3 c6 8.
O-O Nd7 9. Ne2 g5 10. Bd2 O-O-O 11. b4 Qe7 12. b5 c5 13. Ba5 b6 14. Be1 h6 15.
a4 Qxe4 16. Nd2 Qe6 17. a5 Bg7 18. axb6 axb6 19. Ra8+ Kc7 20. Ra7+ Kb8 21. Ra6
Re8 22. Nxf4 Qe3+ 23. Bf2 Qxf4 24. Bxc5 Bd4+ 25. Kh1 Qe3 26. Bxd6+ Kb7 27. Nf3
Re6 28. Bg3 Nc5 29. Nxd4 Nxa6 30. bxa6+ Ka8 31. Nxe6 Ne7 32. Nc7+ Kb8 1-0

[Event "13. Sparkassen Open 2014 - Gruppe C"]
[Site "Forchheim"]
[Date "2015.10.02"]
[Round "1.6"]
[White "Erdösi, Niko"]
[Black "Bardorz, Christoph"]
[Result "1/2-1/2"]
[WhiteElo "1498"]
[BlackElo "1552"]
[PlyCount "43"]
[EventDate "2015.??.??"]
[WhiteTeam "TV Tegernsee"]
[BlackTeam "TSV Rottendorf"]

1. e4 e5 2. Nf3 Nc6 3. Bc4 Nf6 4. d3 Bc5 5. Nc3 d6 6. Be3 Bb6 7. h3 h6 8. O-O
O-O 9. Re1 Re8 10. Qc1 Bxe3 11. fxe3 a6 12. a3 Be6 13. Ba2 Bxa2 14. Nxa2 d5 15.
exd5 Nxd5 16. Rf1 e4 17. dxe4 Rxe4 18. Rd1 Qe7 19. Rxd5 Rxe3 20. Rd1 Qc5 21.
Kh1 Rae8 22. Nc3 1/2-1/2

[Event "13. Sparkassen Open 2014 - Gruppe C"]
[Site "Forchheim"]
[Date "2015.10.02"]
[Round "1.7"]
[White "Hanft, Günter"]
[Black "Bardorz, Jana"]
[Result "1-0"]
[WhiteElo "1715"]
[BlackElo "1375"]
[PlyCount "119"]
[EventDate "2015.??.??"]
[WhiteTeam "SC Bamberg"]
[BlackTeam "TSV Rottendorf"]

1. e4 e5 2. Nf3 Nc6 3. Bc4 Nf6 4. d3 d6 5. c3 Bg4 6. Nbd2 Be7 7. h3 Bh5 8. Nf1
O-O 9. Ng3 Bxf3 10. Qxf3 Na5 11. Bb5 c6 12. Ba4 b5 13. Bc2 d5 14. Nf5 g6 15.
Nxe7+ Qxe7 16. Bg5 Kg7 17. b4 Nb7 18. O-O h6 19. Be3 a5 20. a3 Ra6 21. Rab1
axb4 22. axb4 Rfa8 23. Qe2 Ra2 24. Qd1 Qd6 25. Qc1 g5 26. d4 dxe4 27. dxe5 Qxe5
28. Bd4 Qe7 29. f3 e3 30. Re1 Kg8 31. Rxe3 Qd8 32. Bb3 R2a3 33. Qe1 Nd6 34. g4
Nd5 35. Bxd5 cxd5 36. Re2 Rc8 37. Ra1 Rxa1 38. Qxa1 Ra8 39. Qe1 Rc8 40. Kg2 Ra8
41. Qg3 Nc4 42. f4 f6 43. fxg5 fxg5 44. Rf2 Qe7 45. Qf3 Rf8 46. Qxd5+ Rf7 47.
Rxf7 Qxf7 48. Qxb5 Nd6 49. Qe5 Qb7+ 50. Kh2 Qd7 51. Qh8+ Kf7 52. Qh7+ Ke8 53.
Qxd7+ Kxd7 54. Bg7 Nf7 55. Kg3 Kc6 56. h4 gxh4+ 57. Kxh4 Nd6 58. Bxh6 Kb5 59.
Be3 Kc4 60. Bd4 1-0

[Event "13. Sparkassen Open 2014 - Gruppe C"]
[Site "Forchheim"]
[Date "2015.10.02"]
[Round "1.8"]
[White "Alka, Kurt"]
[Black "Kost, Andreas"]
[Result "1/2-1/2"]
[WhiteElo "1352"]
[BlackElo "1528"]
[PlyCount "101"]
[EventDate "2015.??.??"]
[WhiteTeam "SC Erlangen"]
[BlackTeam "SC Noris-Tarrasch Nürnberg"]

1. e4 c6 2. d4 d5 3. e5 Bf5 4. Nf3 e6 5. Bd3 Bxd3 6. Qxd3 Ne7 7. O-O Nd7 8. Bg5
Qc7 9. Nbd2 a6 10. h3 h5 11. Nh4 c5 12. c3 c4 13. Qe2 Rc8 14. Be3 Qb6 15. Rab1
g6 16. Ndf3 Nf5 17. Bg5 Be7 18. Bxe7 Kxe7 19. g3 Rcg8 20. Qd2 Nxh4 21. Qg5+ f6
22. exf6+ Nxf6 23. Nxh4 Kf7 24. Nf3 Nd7 25. h4 Qd8 26. Ne5+ Nxe5 27. Qxe5 Re8
28. Rbe1 Qf6 29. f4 Re7 30. Rf2 Qxe5 31. fxe5+ Kg7 32. Ref1 Rc8 33. Rc2 Rcc7
34. Rf3 Rf7 35. Rcf2 Rxf3 36. Rxf3 Rf7 37. Kg2 b5 38. Kf2 Rxf3+ 39. Kxf3 a5 40.
Kf4 Kh6 41. a3 g5+ 42. hxg5+ Kg6 43. Ke3 Kxg5 44. Kf3 Kf5 45. Ke3 Kg4 46. Kf2
h4 47. gxh4 Kxh4 48. Kf3 Kh3 49. Kf4 Kh4 50. Kf3 Kg5 51. Kg3 1/2-1/2

[Event "13. Sparkassen Open 2014 - Gruppe C"]
[Site "Forchheim"]
[Date "2015.10.02"]
[Round "1.9"]
[White "Knoll, Ernst"]
[Black "Högner, Tom"]
[Result "1-0"]
[WhiteElo "1515"]
[BlackElo "1343"]
[PlyCount "77"]
[EventDate "2015.??.??"]
[WhiteTeam "Schachtreff Röttenbach"]
[BlackTeam "SC Erlangen"]

1. c4 e5 2. Nc3 Nf6 3. g3 d5 4. cxd5 Nxd5 5. Bg2 Be6 6. Qb3 Nb6 7. Qc2 c6 8.
Nf3 N8d7 9. O-O Be7 10. d4 Bf6 11. dxe5 Nxe5 12. Rd1 Qc7 13. Nb5 Qb8 14. Nd6+
Ke7 15. Ne4 Bf5 16. Qc5+ Ke8 17. Nd6+ Kf8 18. Nxf5+ Kg8 19. Ne7+ Bxe7 20. Qxe7
Ng6 21. Qd6 Qe8 22. Be3 Nc4 23. Qd4 b5 24. b3 Na3 25. Qb2 b4 26. Nd4 Rc8 27.
Rac1 c5 28. Nf5 Qf8 29. Rxc5 Re8 30. Rcd5 h6 31. Bc5 Ne7 32. Rd7 g6 33. Bxe7
Rxe7 34. Nxe7+ Kh7 35. Qf6 Qg7 36. Qxg7+ Kxg7 37. Rd8 Rh7 38. Ra8 Kf6 39. Nd5+
1-0

[Event "13. Sparkassen Open 2014 - Gruppe C"]
[Site "Forchheim"]
[Date "2015.10.02"]
[Round "1.10"]
[White "Meier, Jannik"]
[Black "Klinkhammer, Christopher"]
[Result "0-1"]
[WhiteElo "1288"]
[BlackElo "1503"]
[PlyCount "68"]
[EventDate "2015.??.??"]
[WhiteTeam "TV Tegernsee"]
[BlackTeam "SG Siemens Amberg"]

1. e4 e5 2. Nf3 d6 3. Bc4 Be7 4. Nc3 Nf6 5. d4 exd4 6. Nxd4 Nc6 7. Nf3 Bg4 8.
Bf4 O-O 9. O-O Ne5 10. Be2 Ng6 11. Nd4 c5 12. Nf5 Bxf5 13. exf5 Nxf4 14. Bf3
Qd7 15. Bg4 h5 16. Bf3 Qxf5 17. Ne2 Nxe2+ 18. Qxe2 Qd7 19. Rad1 g6 20. Rd3 Rfe8
21. Qd2 Rad8 22. Be2 Bf8 23. Rh3 Bg7 24. b3 Re7 25. a4 a6 26. Bd3 Rde8 27. Bc4
d5 28. Bd3 Ne4 29. Qc1 Nc3 30. Re3 Rxe3 31. fxe3 d4 32. exd4 Ne2+ 33. Bxe2 Rxe2
34. dxc5 Qg4 0-1

[Event "13. Sparkassen Open 2014 - Gruppe C"]
[Site "Forchheim"]
[Date "2015.10.02"]
[Round "1.11"]
[White "Homi, Joseph"]
[Black "Michel, Philipp"]
[Result "1/2-1/2"]
[WhiteElo "1495"]
[BlackElo "1312"]
[PlyCount "53"]
[EventDate "2015.??.??"]
[WhiteTeam "SGem Fürth"]
[BlackTeam "SC Forchheim"]

1. d4 c6 2. c4 d5 3. Nc3 Nf6 4. Nf3 g6 5. Bg5 Bg7 6. e3 O-O 7. Bd3 dxc4 8. Bxc4
b5 9. Bb3 Be6 10. Bxe6 fxe6 11. O-O Nd5 12. Ne4 Na6 13. Rc1 Nb6 14. Rxc6 Qd5
15. Rxb6 axb6 16. Nc3 Qd7 17. Qb3 Nc7 18. Bf4 Nd5 19. Be5 Nxc3 20. bxc3 Qd5 21.
Qxd5 exd5 22. h3 Rxa2 23. Rb1 Bxe5 24. dxe5 Ra5 25. Nd4 Rfa8 26. Kh2 Rc8 27.
Rxb5 1/2-1/2

[Event "13. Sparkassen Open 2014 - Gruppe C"]
[Site "Forchheim"]
[Date "2015.10.02"]
[Round "1.12"]
[White "Butenandt, Svenja"]
[Black "Hackner, Felix"]
[Result "0-1"]
[WhiteElo "1342"]
[BlackElo "1486"]
[PlyCount "33"]
[EventDate "2015.??.??"]
[WhiteTeam "TV Tegernsee"]
[BlackTeam "SC Kreut"]

1. e4 c5 2. Nf3 d6 3. d4 cxd4 4. Nxd4 Nc6 5. Be3 Nf6 6. Nc3 g6 7. f3 Bg7 8. Qd2
Bd7 9. g4 Bxg4 10. fxg4 Nxg4 11. O-O-O Nxd4 12. Bxd4 Bh6 13. Bxh8 Bxd2+ 14.
Rxd2 f6 15. Bb5+ Kf8 16. Bc4 Ne5 17. Bd5 0-1

[Event "13. Sparkassen Open 2014 - Gruppe C"]
[Site "Forchheim"]
[Date "2015.10.02"]
[Round "1.13"]
[White "Schwarz, Matthias"]
[Black "Kodalle, Dominik"]
[Result "1-0"]
[WhiteElo "1633"]
[BlackElo "1262"]
[PlyCount "67"]
[EventDate "2015.??.??"]
[WhiteTeam "SG Idstein"]
[BlackTeam "Aschaffenburg-Schweinheim"]

1. e4 c5 2. Nf3 d6 3. d4 cxd4 4. Nxd4 Nf6 5. Nc3 a6 6. Bg5 e6 7. f4 Be7 8. Qf3
O-O 9. Bd3 Nc6 10. Nb3 b5 11. Bxf6 Bxf6 12. e5 Bxe5 13. fxe5 Nxe5 14. Qxa8 Qh4+
15. g3 Nxd3+ 16. cxd3 Qf6 17. Qg2 Qe5+ 18. Qe2 Qf5 19. O-O-O Bb7 20. Rhf1 Qg5+
21. Qd2 Qh5 22. g4 Qxg4 23. Rg1 Qh4 24. Qg5 Qxg5+ 25. Rxg5 f6 26. Rg3 f5 27.
Rdg1 g6 28. h4 Kf7 29. h5 Rg8 30. hxg6+ hxg6 31. Nd4 b4 32. Nce2 e5 33. Nxf5
Bd5 34. Nh6+ 1-0

[Event "13. Sparkassen Open 2014 - Gruppe C"]
[Site "Forchheim"]
[Date "2015.10.02"]
[Round "1.14"]
[White "Walter, Gabriele"]
[Black "Schad, Gerhard"]
[Result "1-0"]
[WhiteElo "1246"]
[BlackElo "1683"]
[PlyCount "77"]
[EventDate "2015.??.??"]
[WhiteTeam "SV Lauf"]
[BlackTeam "SV Neustadt/Aisch"]

1. c4 Nf6 2. g3 e5 3. Bg2 Bc5 4. Nc3 a6 5. e3 d6 6. d4 exd4 7. exd4 Ba7 8. Nge2
c6 9. O-O O-O 10. b3 Nbd7 11. Bb2 Nb6 12. Qd3 Bg4 13. h3 Bh5 14. Ne4 Bg6 15.
Nxf6+ Qxf6 16. Qc3 d5 17. Nf4 dxc4 18. Nxg6 Qxg6 19. bxc4 Rad8 20. Rad1 Rfe8
21. Rfe1 Rxe1+ 22. Rxe1 Na4 23. Qa5 Nb6 24. c5 Qc2 25. cxb6 Bb8 26. Qc3 Qg6 27.
Qe3 h6 28. Qe7 Qd6 29. Qxd6 Bxd6 30. Re3 Bb4 31. Ba3 Rxd4 32. Bxb4 Rxb4 33. Rb3
Rd4 34. Bf3 g6 35. Bxc6 Rd8 36. Bxb7 Rb8 37. Bxa6 Kg7 38. b7 Kf6 39. Rc3 1-0

[Event "13. Sparkassen Open 2014 - Gruppe C"]
[Site "Forchheim"]
[Date "2015.10.02"]
[Round "1.15"]
[White "Sorokin, Konstantin"]
[Black "Stoib, Marinus"]
[Result "1-0"]
[WhiteElo "1593"]
[BlackElo "1561"]
[PlyCount "56"]
[EventDate "2015.??.??"]
[WhiteTeam "Münchener SC"]
[BlackTeam "TV Tegernsee"]

1. d4 d5 2. Nf3 Nf6 3. Bg5 Bf5 4. e3 e6 5. Bb5+ c6 6. Bd3 Bg6 7. O-O Be7 8. c4
dxc4 9. Bxc4 b5 10. Bb3 O-O 11. a3 Nbd7 12. Nc3 h6 13. Bh4 Qc7 14. Bg3 Bd6 15.
Bxd6 Qxd6 16. h3 a5 17. Rc1 b4 18. axb4 axb4 19. Ne2 Ne4 20. Nf4 Bh7 21. Nd2
Ndf6 22. Nc4 Qc7 23. Ne5 Ra6 24. Qe1 Rb6 25. f3 Ng5 26. h4 Nxf3+ 27. Rxf3 Be4
28. Rg3 Nd7 1-0

[Event "13. Sparkassen Open 2014 - Gruppe C"]
[Site "Forchheim"]
[Date "2015.10.02"]
[Round "1.16"]
[White "Weißig, Kersten"]
[Black "Böse, Christina"]
[Result "1/2-1/2"]
[WhiteElo "1235"]
[BlackElo "1454"]
[PlyCount "49"]
[EventDate "2015.??.??"]
[WhiteTeam "SV Deggendorf"]
[BlackTeam "SC Bechhofen"]

1. e4 c6 2. d4 d5 3. exd5 cxd5 4. c4 Nc6 5. Nf3 Bg4 6. Be3 e6 7. a3 Bxf3 8.
Qxf3 Nf6 9. Bd3 Qb6 10. b4 Rc8 11. O-O dxc4 12. Bxc4 Nxd4 13. Bb5+ Qxb5 14.
Bxd4 Be7 15. Nc3 Qc6 16. Qe2 O-O 17. Rac1 Qc7 18. h3 Rfd8 19. Qe3 b6 20. Ne4
Qb7 21. Rxc8 Qxc8 22. Nxf6+ Bxf6 23. Bxf6 gxf6 24. Qf3 f5 25. Rd1 1/2-1/2

[Event "13. Sparkassen Open 2014 - Gruppe C"]
[Site "Forchheim"]
[Date "2015.10.02"]
[Round "1.17"]
[White "Schwarz, Dominik"]
[Black "Bardorz, Stefan"]
[Result "1-0"]
[WhiteElo "1447"]
[BlackElo "1227"]
[PlyCount "55"]
[EventDate "2015.??.??"]
[WhiteTeam "SC Prichsenstadt"]
[BlackTeam "TSV Rottendorf"]

1. e4 e5 2. Nf3 Nc6 3. Bc4 Nf6 4. d3 h6 5. c3 d5 6. exd5 Nxd5 7. h3 Nf6 8. Qe2
Bd6 9. Nbd2 Qe7 10. Ne4 Nxe4 11. dxe4 O-O 12. O-O Qf6 13. Be3 Bd7 14. Rad1 Rad8
15. Rd2 Qg6 16. Bd3 Bxh3 17. Nh4 Qf6 18. gxh3 Qxh4 19. Kh2 a6 20. Rg1 g6 21.
Rg4 Qe7 22. Bxh6 Rfe8 23. Bc4 Kh7 24. Bg5 f6 25. Rh4+ Kg7 26. Bh6+ Kh8 27. Bf8+
Qh7 28. Rxh7+ 1-0

[Event "13. Sparkassen Open 2014 - Gruppe C"]
[Site "Forchheim"]
[Date "2015.10.02"]
[Round "1.18"]
[White "Steindl, Horst"]
[Black "Gründel, Johannes"]
[Result "0-1"]
[WhiteElo "1225"]
[BlackElo "1554"]
[PlyCount "116"]
[EventDate "2015.??.??"]
[WhiteTeam "SW Nürnberg Süd"]
[BlackTeam "SC Forchheim"]

1. Nf3 d5 2. g3 Nc6 3. d4 Bf5 4. Bg2 Qd7 5. O-O O-O-O 6. c3 Bh3 7. Bxh3 Qxh3 8.
Ng5 Qf5 9. Qd3 Qxd3 10. exd3 Nh6 11. Nf3 Nf5 12. Ng5 Nd6 13. Bf4 h6 14. Bxd6
hxg5 15. Bc5 e6 16. Nd2 b6 17. Bxf8 Rdxf8 18. Nf3 f6 19. Kg2 g4 20. Nh4 Rh6 21.
f4 Rfh8 22. f5 exf5 23. Nxf5 Rxh2+ 24. Kg1 Rxb2 25. Rf2 Rxf2 26. Kxf2 Rh2+ 27.
Ke3 g6 28. Nh4 g5 29. Nf5 Rc2 30. c4 dxc4 31. dxc4 Rxc4 32. Rd1 Nb4 33. Rd2 Rc2
34. Rxc2 Nxc2+ 35. Kd2 Nb4 36. a3 Nd5 37. Kd3 Kd7 38. Kc4 c6 39. a4 Ke6 40.
Ng7+ Kf7 41. Nf5 Kg6 42. Nd6 f5 43. Nb7 a5 44. Nxa5 bxa5 45. Kc5 Nb4 46. Kc4 f4
47. gxf4 gxf4 48. d5 cxd5+ 49. Kb5 f3 50. Kxa5 f2 51. Kxb4 f1=Q 52. a5 Qc4+ 53.
Ka3 g3 54. a6 Qxa6+ 55. Kb4 Qc4+ 56. Ka5 g2 57. Kb6 g1=R 58. Kb7 Rb1+ 0-1

[Event "13. Sparkassen Open 2014 - Gruppe C"]
[Site "Forchheim"]
[Date "2015.10.02"]
[Round "1.19"]
[White "Dresel, Martin"]
[Black "Emge, Albin"]
[Result "1-0"]
[WhiteElo "1699"]
[BlackElo "1201"]
[PlyCount "120"]
[EventDate "2015.??.??"]
[WhiteTeam "SC Erlangen"]
[BlackTeam "SC Königsspringer Alzenau"]

1. d4 Nf6 2. c4 g6 3. Nc3 Bg7 4. Nf3 O-O 5. Bg5 d6 6. e3 Nbd7 7. Be2 h6 8. Bh4
a6 9. O-O c6 10. Qc2 Re8 11. Rfd1 Nb6 12. b4 Bf5 13. Bd3 Be6 14. c5 Nc8 15.
Rab1 Bg4 16. Be2 Bf5 17. Bd3 Bg4 18. cxd6 Nxd6 19. Be2 Nf5 20. Bxf6 Bxf6 21. h3
Bxf3 22. Bxf3 Nh4 23. Be2 Nf5 24. Bf3 Nh4 25. Be2 Nf5 26. Qb3 e6 27. Rbc1 Nd6
28. Na4 Nc8 29. Nc5 Qc7 30. a4 b6 31. Nxa6 Qe7 32. Rxc6 Qb7 33. b5 Rxa6 34.
Rdc1 Ra7 35. Qc2 Ne7 36. Rc4 Nd5 37. Bf3 Qd7 38. Qb3 Rc7 39. Rxc7 Nxc7 40. Bc6
Qe7 41. Bxe8 Nxe8 42. Rc6 Qb7 43. Qc2 Kg7 44. Rc8 Nd6 45. Rc7 Qb8 46. Qc6 Ne4
47. Rb7 Qf8 48. Rxb6 Ng5 49. Ra6 Qb4 50. Qc2 Qe1+ 51. Kh2 Be7 52. h4 Nf3+ 53.
gxf3 Bb4 54. Kg2 Be7 55. Rc6 Bxh4 56. Qb2 Bf6 57. Rc1 Qa5 58. Qa2 Qd8 59. Rb1
Bh4 60. b6 Qg5+ 1-0

[Event "13. Sparkassen Open 2014 - Gruppe C"]
[Site "Forchheim"]
[Date "2015.10.02"]
[Round "1.20"]
[White "Hoffmann, Steffen"]
[Black "Roesner, Rolf"]
[Result "1/2-1/2"]
[WhiteElo "1407"]
[BlackElo "1425"]
[PlyCount "41"]
[EventDate "2015.??.??"]
[WhiteTeam "SC Noris-Tarrasch Nürnberg"]
[BlackTeam "SC Erlangen"]

1. e4 e6 2. Nf3 d5 3. exd5 exd5 4. d4 Nf6 5. Bf4 Bg4 6. Be2 Bb4+ 7. c3 Ba5 8.
O-O O-O 9. Re1 Nbd7 10. Nbd2 c6 11. Ne5 Nxe5 12. dxe5 Bxe2 13. Qxe2 Nd7 14. Qh5
Bb6 15. Nf3 f6 16. Re2 fxe5 17. Bxe5 Nxe5 18. Rxe5 Qf6 19. Rae1 Qf7 20. Qxf7+
Rxf7 21. Re8+ 1/2-1/2

[Event "13. Sparkassen Open 2014 - Gruppe C"]
[Site "Forchheim"]
[Date "2015.10.02"]
[Round "1.21"]
[White "Trefflich, Marcus"]
[Black "Bergmann, Thomas"]
[Result "1/2-1/2"]
[WhiteElo "1421"]
[BlackElo "1178"]
[PlyCount "65"]
[EventDate "2015.??.??"]
[WhiteTeam "SC Treuchtlingen"]
[BlackTeam "SC Eggerbachtal"]

1. c4 e5 2. g3 Nf6 3. Bg2 Nc6 4. Nc3 Bc5 5. d3 O-O 6. Nf3 d6 7. O-O Nd4 8. Nxd4
Bxd4 9. Bd2 Rb8 10. Rb1 b6 11. Nb5 a6 12. Na7 Bb7 13. Bxb7 Rxb7 14. Nc6 Qd7 15.
Nxd4 exd4 16. Kg2 c5 17. e4 dxe3 18. Bxe3 d5 19. h3 Qc6 20. Kh2 dxc4 21. dxc4
Qe4 22. b4 Qxc4 23. bxc5 b5 24. Qb3 Qe4 25. Qb4 Qc6 26. Rfd1 Rd7 27. Rxd7 Nxd7
28. Rd1 Ne5 29. Rd6 Nf3+ 30. Kh1 Qc8 31. Qg4 Qxg4 32. hxg4 Ne5 33. Rxa6 1/2-1/2

[Event "13. Sparkassen Open 2014 - Gruppe C"]
[Site "Forchheim"]
[Date "2015.10.02"]
[Round "1.22"]
[White "Stark, Raphael"]
[Black "Walter, Stefanie"]
[Result "0-1"]
[WhiteElo "862"]
[BlackElo "1178"]
[PlyCount "80"]
[EventDate "2015.??.??"]
[WhiteTeam "SK Rothenburg"]
[BlackTeam "SV Lauf"]

1. e4 c5 2. Nf3 Nc6 3. Bb5 Qb6 4. Bxc6 Qxc6 5. d3 g6 6. Bd2 Bg7 7. Bc3 Bf6 8.
Bxf6 Qxf6 9. Nc3 Qb6 10. Nd5 Qa5+ 11. c3 d6 12. O-O Be6 13. c4 Bxd5 14. cxd5
Nf6 15. Qe1 Qb5 16. Qc3 O-O 17. b3 Qb4 18. Qxb4 cxb4 19. Rfc1 Rac8 20. Nd4 Rc3
21. Rxc3 bxc3 22. Rc1 Rc8 23. Ne2 c2 24. Nd4 Rc3 25. Nxc2 Rxd3 26. Nb4 Rd4 27.
Rc8+ Kg7 28. f3 Rxb4 29. Ra8 a6 30. h4 Nh5 31. g4 Ng3 32. Kg2 Ne2 33. Re8 Nc3
34. Rxe7 Nxa2 35. Re8 Rxb3 36. Kg3 a5 37. Kf4 a4 38. Kg5 Rxf3 39. h5 h6+ 40.
Kh4 f5 0-1

[Event "13. Sparkassen Open 2014 - Gruppe C"]
[Site "Forchheim"]
[Date "2015.10.02"]
[Round "1.23"]
[White "Roth, Ludwig"]
[Black "Stark, Amalia"]
[Result "1-0"]
[WhiteElo "1164"]
[BlackElo "854"]
[PlyCount "63"]
[EventDate "2015.??.??"]
[WhiteTeam "Spvgg Stetten"]
[BlackTeam "SK Rothenburg"]

1. e4 e6 2. d4 d5 3. exd5 exd5 4. Bd3 Nf6 5. c3 Nc6 6. Bf4 Bd6 7. Bxd6 Qxd6 8.
Nf3 Bg4 9. Nbd2 O-O 10. O-O Rfe8 11. Qc2 g6 12. Rae1 Rxe1 13. Rxe1 Re8 14.
Rxe8+ Nxe8 15. c4 Nf6 16. cxd5 Nb4 17. Qb3 Nbxd5 18. Qxb7 Nb4 19. Bc4 Bd7 20.
Ne5 Be6 21. Bxe6 fxe6 22. Qxa7 Nc6 23. Qa8+ Kg7 24. Nxc6 Ng4 25. Qa4 Qxh2+ 26.
Kf1 Qh1+ 27. Ke2 Qh5 28. f3 Nh2 29. Ne5 Kf6 30. Ne4+ Kg7 31. Qd7+ Kf8 32. Qf7#
1-0

[Event "13. Sparkassen Open 2014 - Gruppe C"]
[Site "Forchheim"]
[Date "2015.10.02"]
[Round "1.24"]
[White "Fuhrmann, Elias"]
[Black "Procelewski, Alexander"]
[Result "0-1"]
[WhiteElo "811"]
[BlackElo "1147"]
[PlyCount "134"]
[EventDate "2015.??.??"]
[WhiteTeam "TV Tegernsee"]
[BlackTeam "SC Erlangen"]

1. e4 e5 2. Nf3 Nc6 3. d4 d6 4. dxe5 dxe5 5. Qxd8+ Kxd8 6. Bg5+ Be7 7. Bxe7+
Ngxe7 8. Nc3 Bg4 9. Be2 Nb4 10. O-O-O+ Kc8 11. Nxe5 Nxa2+ 12. Nxa2 Bxe2 13. Rd2
Bh5 14. h3 Bg6 15. Nxg6 Nxg6 16. Rhd1 b6 17. Rd7 Rf8 18. g3 Ne5 19. R7d5 Ng6
20. f4 Kb7 21. f5 Ne7 22. Rd7 Rae8 23. Nb4 Nc6 24. Nd5 Rc8 25. g4 Nb8 26. Re7
Kc6 27. Nb4+ Kb5 28. Nd3 Na6 29. Nf4 Rce8 30. Rd5+ Kc6 31. Rdd7 Nc5 32. Ne6
fxe6 33. fxe6 Nxd7 34. exd7 Rd8 35. c4 Rxd7 36. Kc2 Rf4 37. Re5 Rd4 38. Re6+
Kd7 39. Re5 Rdxe4 40. Rd5+ Kc6 41. Rg5 Rxc4+ 42. Kb3 g6 43. Re5 Rce4 44. Rxe4
Rxe4 45. Kc3 Re3+ 46. Kd4 Rxh3 47. Ke5 a5 48. Kf6 Rg3 49. g5 Rxg5 50. Kxg5 a4
51. Kh6 b5 52. Kxh7 b4 53. Kxg6 a3 54. bxa3 bxa3 55. Kf5 a2 56. Ke4 a1=Q 57.
Kf5 Qe1 58. Kg4 Qf2 59. Kh3 Qg1 60. Kh4 Qg2 61. Kh5 Qg3 62. Kh6 Qg4 63. Kh7 Qg5
64. Kh8 Kd7 65. Kh7 Ke7 66. Kh8 Kf7 67. Kh7 Qg7# 0-1

[Event "13. Sparkassen Open 2014 - Gruppe C"]
[Site "Forchheim"]
[Date "2015.10.02"]
[Round "1.25"]
[White "Gehrke, Jakob"]
[Black "Irnstorfer, Maximilian"]
[Result "1-0"]
[WhiteElo "1328"]
[BlackElo "794"]
[PlyCount "37"]
[EventDate "2015.??.??"]
[WhiteTeam "TV Tegernsee"]
[BlackTeam "SC Forchheim"]

1. e4 e5 2. Nf3 Nc6 3. Nc3 Nf6 4. Bb5 Bc5 5. Bxc6 bxc6 6. Nxe5 Bd4 7. Ng4 Bxc3
8. Nxf6+ Bxf6 9. O-O d5 10. exd5 cxd5 11. Re1+ Be7 12. d4 O-O 13. Qe2 Bf6 14.
c3 c6 15. a4 a5 16. b3 Bg5 17. Ba3 Re8 18. Qxe8+ Qxe8 19. Rxe8# 1-0

[Event "13. Sparkassen Open 2014 - Gruppe C"]
[Site "Forchheim"]
[Date "2015.10.02"]
[Round "1.26"]
[White "Haller, Inna"]
[Black "Heger, Heinz"]
[Result "0-1"]
[WhiteElo "761"]
[BlackElo "1131"]
[PlyCount "44"]
[EventDate "2015.??.??"]
[WhiteTeam "Aschaffenburg-Schweinheim"]
[BlackTeam "SC Forchheim"]

1. e4 e5 2. Nf3 Nc6 3. d4 exd4 4. Nxd4 Nge7 5. Bg5 f6 6. Bf4 d6 7. Nc3 d5 8.
exd5 Nxd5 9. Nxd5 Qxd5 10. Bb5 Bd7 11. Bxc6 Bxc6 12. Nxc6 Qxc6 13. Qe2+ Be7 14.
f3 Rd8 15. O-O Rd7 16. Rad1 O-O 17. Rxd7 Qxd7 18. Rd1 Bd6 19. Qd3 Rd8 20. Qd5+
Kh8 21. Qxb7 Bc5+ 22. Kf1 Qxd1# 0-1

[Event "13. Sparkassen Open 2014 - Gruppe C"]
[Site "Forchheim"]
[Date "2015.10.02"]
[Round "1.27"]
[White "Held, Werner"]
[Black "Seitz, Stefan"]
[Result "1-0"]
[WhiteElo "1111"]
[BlackElo "705"]
[PlyCount "87"]
[EventDate "2015.??.??"]
[WhiteTeam "Zabo-Eintracht Nürnberg"]
[BlackTeam "SC Forchheim"]

1. e4 e5 2. c3 Nf6 3. d3 Nc6 4. b4 a5 5. b5 Ne7 6. a4 d5 7. f3 dxe4 8. fxe4 c6
9. Na3 Bg4 10. Qb3 Be6 11. Qc2 Qb6 12. Nf3 Bd7 13. Nxe5 cxb5 14. Rb1 Qc5 15. d4
Qd6 16. axb5 g6 17. Bb2 Bg7 18. c4 Ng4 19. c5 Qe6 20. d5 Qf6 21. Nxg4 Qh4+ 22.
Nf2 O-O 23. d6 Nc8 24. g3 Qg5 25. c6 bxc6 26. bxc6 Be6 27. Bxg7 Kxg7 28. Nb5
Rb8 29. d7 Ne7 30. c7 Qe3+ 31. Qe2 Qc5 32. cxb8=Q Rxb8 33. Nd3 Qg5 34. Nf4 Qc5
35. Nxe6+ fxe6 36. Qa2 Qe3+ 37. Qe2 Qc5 38. Bh3 Kf6 39. Rf1+ Ke5 40. Qd3 Nc6
41. Ke2 h5 42. Rfc1 Qb6 43. Qc4 Ra8 44. Qxe6# 1-0

[Event "14. Sparkassen Open 2015 - Gruppe C"]
[Site "Forchheim"]
[Date "2015.10.03"]
[Round "2.1"]
[White "Hackner, Felix"]
[Black "Gheng, Christian"]
[Result "1-0"]
[WhiteElo "1486"]
[BlackElo "1742"]
[PlyCount "85"]
[EventDate "2015.??.??"]
[WhiteTeam "SC Kreut"]
[BlackTeam "Schach-Kids Bernhausen"]

1. e4 c5 2. Nf3 d6 3. d4 cxd4 4. Nxd4 Nf6 5. Nc3 g6 6. f3 Bg7 7. Be3 O-O 8. Qd2
Nc6 9. Nb3 Be6 10. Nd5 Rc8 11. c3 Ne5 12. Be2 Nxd5 13. exd5 Bf5 14. Nd4 Bd7 15.
b3 Qa5 16. c4 Qxd2+ 17. Kxd2 f5 18. f4 Nf7 19. Rae1 Nd8 20. Bf3 b5 21. cxb5 e5
22. Nc6 e4 23. Ne7+ Kh8 24. Nxc8 Bxc8 25. Be2 Bb7 26. Bc4 Nf7 27. a4 Nh6 28.
Bxa7 Ng4 29. h3 Nf6 30. a5 Nxd5 31. Bxd5 Bxd5 32. Rc1 Ra8 33. Rc7 Bh6 34. Ke3
Bxb3 35. Rhc1 g5 36. Rc8+ Rxc8 37. Rxc8+ Kg7 38. Bd4+ Kf7 39. g3 gxf4+ 40. gxf4
Ke6 41. b6 Bd5 42. a6 Kd7 43. b7 1-0